Fight against tax fraud in the Slovak Republic

Vývoj daňového systému v SR. Kritéria kontroly pri prevencii daňových únikov. Softvét IBM SPSS Modeler.

Salvato in:
Dettagli Bibliografici
Autore principale: Kočkovičová, Jana, 1989-
Altri autori: Zubaľová, Alena, 1959-
Natura: Capitolo di libro
Lingua:inglese
Soggetti:
Tags: Aggiungi Tag
Nessun Tag, puoi essere il primo ad aggiungerne!!

MARC

LEADER 00000nla a2200000 4500
001 0211398
005 20240502073526.7
041 0 |a eng 
044 |a SK 
245 1 0 |a Fight against tax fraud in the Slovak Republic  |c Jana Kočkovičová, Alena Zubaľová 
520 |a Vývoj daňového systému v SR. Kritéria kontroly pri prevencii daňových únikov. Softvét IBM SPSS Modeler. 
610 2 0 |a únik daňový 
610 2 0 |a podvody daňové 
610 2 0 |a systémy daňové 
610 2 0 |a Slovensko 
610 2 0 |a kontrola daňová 
100 1 |a Kočkovičová, Jana, 1989- 
700 1 |a Zubaľová, Alena, 1959-